01186nam a2200193 a 4500008004100000020001800041041000800059092002100067100002600088245005300114250009900167260003300266300002400299500021100323590012400534942001200658999001500670952030700685260220e2023 sp a|||f |||| 00| 0 spa d a9780323760287 aspa c611.022lNETs551 aNetter, Frank H.9147 aAtlas de Anatomía Humana / cFrank H. Netter. a8va ed. versión en español de la obra original en inglésbTraducción Elsevier España aBarcelona:bElsevier;c2023. a716 p.bil. tablas. aNetter, F. H. (2019). Atlas de anatomía humana. (7a ed.). Barcelona : Elsevier ; Masson. Compra uncoma julio 2019. Ejemplar mojado por Sofia Lara, se mantuvo ejemplar e inventario. Lo repuso 25/11/2019. aLibro reemplazado por Said Alvarez, libro fue mojado. Reposición el 6/5/2024 por 8va ed. Se mantiene el inventario. 2ddccBK c3318d3318 00102ddc4070aBFMbBFMcCRd2024-05-06eReemplazo a 8va ed. por libro mojado Alvarez Said, mayo 2024.l5o611.022 55 NETp4450r2026-04-28s2026-04-22tEj. 30w2026-02-20yBKzCompra uncoma 2019, ejemplar mojado y reemplazado por Lara Sofia, se mantuvo ejemplar e inventario. Lo repuso 25/11/2019.f